000 01458nam a2200217Ii 4500
008 221202s xx 000 0 und d
100 1 _aMcGoldrick, Peter,
_eauthor
245 4 _aThe state of local infrastructure investment in Europe
264 _bEuropean Investment Bank
_c2021
300 _a1 online resource
336 _atext
_btxt
_2rdacontent
337 _acomputer
_bc
_2rdamedia
338 _aonline resource
_bcr
_2rdacarrier
520 _aEurope’s COVID-19 recovery strategy calls for large-scale public investment to “building back better.” Municipalities account for 45% of all public investment : which makes them a key partner in recovery efforts. As poles of social and economic activities, municipalities will also be critical to addressing climate change and to improving digitalisation. Our municipality report analysis the findings of a survey of 685 municipalities conducted in the summer of 2020. We look at the types of projects municipalities are prioritising and which areas they think need more investment. We also analyse their ability to secure funding for key projects. In addition, the report provides important insights into regional investment gaps and the effect the pandemic had on investment priorities.
653 _aBusiness & Economics
653 _aFinance
700 1 _aEuropean Investment Bank
700 1 _aDebs, Maïa
856 _uhttps://library.oapen.org/handle/20.500.12657/50600
942 _cE-BOOK
999 _c66902
_d66902